Software abstrations : (Record no. 4366)

MARC details
000 -LEADER
fixed length control field 00573 a2200181 4500
010 ## - LCCN (DPL NO)
LC control number ENG-86254
020 ## - INTERNATIONAL STANDARD BOOK NUMBER
International Standard Book Number 9788120331709
Terms of availability 325.00
035 ## - SYSTEM CONTROL NUMBER
System control number EN-69787
037 ## - SOURCE OF ACQUISITION
Source of stock number/acquisition DBAD / PUB
082 14 - DEWEY DECIMAL CLASSIFICATION NUMBER
Classification number 005.1
100 ## - MAIN ENTRY--PERSONAL NAME
Personal name Jackson, Daniel
245 1# - TITLE STATEMENT
Title Software abstrations :
Statement of responsibility, etc by Daniel Jackson
Remainder of title logic, language and analysis /
260 ## - PUBLICATION, DISTRIBUTION, ETC. (IMPRINT)
Place of publication, distribution, etc New Delhi
Name of publisher, distributor, etc Prentice-Hall of India
Date of publication, distribution, etc 2007
270 ## - ADDRESS
Address M-97, Connaught Circus
City New Delhi
State or province New Delhi
Postal code 110 001
300 ## - PHYSICAL DESCRIPTION
Extent xvi, 351p.
Dimensions 22cm. (Pbk)
500 ## - GENERAL NOTE
General note Includes index
942 ## - ADDED ENTRY ELEMENTS (KOHA)
Institution code [OBSOLETE] dpl
Item type English Books
Source of classification or shelving scheme Dewey Decimal Classification
Classification part 005.1
Call number suffix JAC
Holdings
Withdrawn status Lost status Not for loan Collection code Home library Current library Source of acquisition Cost, normal purchase price Full call number Barcode Copy number Cost, replacement price Koha item type
    Not For Loan Non-fiction D.B.Act.Division D.B.Act.Division DBAD/PUB 325.00 005.1 JAC EN-69787 1 325.00 English Books

© Delhi Public Library
Hit Counter
free hit counter